Sports Quiz

Random Sports or Baseball Quiz

MLB Managers who weren't players Quiz Stats

 Plays Quiz not verified by Sporcle

Support Sporcle.
Go Orange.
Score 0/9 Timer 05:00
0 Plays Today
Teams Manager % Correct
YankeesJoe McCarthy
71.7%
OriolesEarl Weaver
71.7%
MarlinsJim Leyland
69.6%
MarlinsJack McKeon
60.9%
CardinalsJohnny Keane
30.4%
White SoxPants Rowland
8.7%
Red SoxEd Barrow
8.7%
GiantsJim Mutrie
6.5%
GraysFrank Bancroft
2.2%

You're not logged in!

Compare scores with friends on all Sporcle quizzes.
OR
Log In

From the Vault

Big 4 Teams with a 'K'

by manonthemoon

Before you get all uppity, Orlando Magick is not an answer.
Remove Ads.
Support Sporcle.
Get the best of Sporcle when you Go Orange. This ad-free experience offers more features, more stats, and more fun while also helping to support Sporcle. Thank you for becoming a member.

Show Comments

Extras

Created Jan 27, 2016ReportNominate
Tags:Baseball Quiz

Top Quizzes Today


Score Distribution

Your Account Isn't Verified!

In order to create a playlist on Sporcle, you need to verify the email address you used during registration. Go to your Sporcle Settings to finish the process.

Report this User

Report this user for behavior that violates our Community Guidelines.

Details: